00454nam a2200181 a 450000100060000000300090000600800410001502000150005604000280007108200160009910000200011524500420013526000340017730000100021165000130022165000210023465000170025517687CO-ViMGA141112s2004 ck r 000 u spa d a9586078906 aCO-ViMGAbspacCO-ViMGA04a323.4 A581d1 aAlvarez, Wilson10aDerechos y deberes de la tercera edad aBogotá, cSan Pablo, c1996 a46.p.14aANCIANOS14aDERECHOS HUMANOS14aGERONTOLOGIA